|
|
|
|
| LEADER |
01926cam a2200493 a 4500 |
| 001 |
nkc20132502078 |
| 003 |
CZ PrNK |
| 005 |
20140807095332.0 |
| 007 |
ta |
| 008 |
130916s2013 xr ach e f 000 0 cze d |
| 015 |
|
|
|a cnb002502078
|
| 020 |
|
|
|a 978-80-905161-3-7
|q (váz.)
|
| 035 |
|
|
|a (OCoLC)886601048
|
| 040 |
|
|
|a OSA001
|b cze
|d BOA001
|d ABA001
|
| 041 |
1 |
|
|a cze
|h spa
|
| 072 |
|
7 |
|a 615.8
|x Fyzioterapie. Psychoterapie. Alternativní lékařství
|2 Konspekt
|9 14
|
| 080 |
|
|
|a 546.134
|2 MRF
|
| 080 |
|
|
|a 614
|2 MRF
|
| 080 |
|
|
|a 628.166
|2 MRF
|
| 080 |
|
|
|a 615.8
|2 MRF
|
| 080 |
|
|
|a (0.062)
|2 MRF
|
| 100 |
1 |
|
|a Kalcker, Andreas Ludwig,
|d 1961-
|7 xx0153036
|4 aut
|
| 245 |
1 |
0 |
|a CDS :
|b zdraví je možné /
|c Andreas Ludwig Kalcker ; [překlad z originálu ... Markéta Klimešová]
|
| 246 |
3 |
|
|a CDS - zdraví je možné
|
| 246 |
3 |
0 |
|a Zdraví je možné
|
| 260 |
|
|
|a [Praha] :
|b New Technologies,
|c 2013
|
| 300 |
|
|
|a 189 s. :
|b il. (převážně barev.), portréty, faksim. ;
|c 22 cm
|
| 500 |
|
|
|a Přeloženo ze španělštiny
|
| 650 |
0 |
7 |
|a oxid chloričitý
|7 ph163875
|x zdravotní aspekty
|2 czenas
|
| 650 |
0 |
7 |
|a dezinfekce vody
|7 ph134754
|2 czenas
|
| 650 |
0 |
7 |
|a alternativní terapie
|7 ph137043
|2 czenas
|
| 650 |
0 |
9 |
|a chlorine dioxide
|x health aspects
|2 eczenas
|
| 650 |
0 |
9 |
|a water disinfection
|2 eczenas
|
| 650 |
0 |
9 |
|a alternative therapy
|2 eczenas
|
| 655 |
|
7 |
|a populárně-naučné publikace
|7 fd131864
|2 czenas
|
| 655 |
|
9 |
|a popular works
|2 eczenas
|
| 765 |
0 |
|
|t Salud es posible
|9 Česky
|
| 910 |
2 |
|
|a BOA001
|b 2-1325.353
|
| 990 |
|
|
|a BK
|
| 995 |
|
|
|a 01
|
| 991 |
|
|
|b 201405
|c NOV
|e n
|
| 996 |
6 |
|
|b 2610587983
|c 2-1325.353
|l MZK
|r Sklad / do 1 hodiny
|n 2
|p p.v.
|w 001415163
|u 000010
|a 1
|e BOA001
|j MZK50
|s P
|
| 996 |
6 |
|
|b 2610593950
|c 2-1325.353
|l MZK
|r STM 6p
|n 0
|p kup
|h 615.8 KAL
|w 001415163
|u 000020
|a 0
|e BOA001
|j MZK50
|s P
|
| 996 |
7 |
|
|b 2610593951
|c 2-1325.353
|l MZK
|r Sklad / do 1 hodiny
|n 12
|p kup
|w 001415163
|u 000030
|a 1
|e BOA001
|j MZK50
|s A
|